<?xml version="1.0" encoding="UTF-8"?>
<record
    xmlns:xsi="http://www.w3.org/2001/XMLSchema-instance"
    xsi:schemaLocation="http://www.loc.gov/MARC21/slim http://www.loc.gov/standards/marcxml/schema/MARC21slim.xsd"
    xmlns="http://www.loc.gov/MARC21/slim">

  <leader>01772nam a22002297a 4500</leader>
  <controlfield tag="005">20250722153228.0</controlfield>
  <controlfield tag="008">250722b        |||||||| |||| 00| 0 eng d</controlfield>
  <datafield tag="020" ind1=" " ind2=" ">
    <subfield code="a">9789383866489</subfield>
  </datafield>
  <datafield tag="040" ind1=" " ind2=" ">
    <subfield code="c">AL</subfield>
  </datafield>
  <datafield tag="041" ind1=" " ind2=" ">
    <subfield code="a">English</subfield>
  </datafield>
  <datafield tag="082" ind1=" " ind2=" ">
    <subfield code="a">657.46</subfield>
    <subfield code="b">MEHI</subfield>
  </datafield>
  <datafield tag="100" ind1=" " ind2=" ">
    <subfield code="a">H C Mehrotra</subfield>
    <subfield code="9">219717</subfield>
  </datafield>
  <datafield tag="245" ind1=" " ind2=" ">
    <subfield code="a">Income tax including tax planning and management</subfield>
    <subfield code="b"> : assessment year 2025-26</subfield>
  </datafield>
  <datafield tag="250" ind1=" " ind2=" ">
    <subfield code="a">46</subfield>
  </datafield>
  <datafield tag="260" ind1=" " ind2=" ">
    <subfield code="a">Agra</subfield>
    <subfield code="b">Sahitya Bhawan Publications</subfield>
    <subfield code="c">2025</subfield>
  </datafield>
  <datafield tag="300" ind1=" " ind2=" ">
    <subfield code="a">843 p.</subfield>
    <subfield code="b">PB</subfield>
    <subfield code="c">26x20 cm.</subfield>
  </datafield>
  <datafield tag="365" ind1=" " ind2=" ">
    <subfield code="a">2031</subfield>
    <subfield code="b">&#x20B9;640.00</subfield>
    <subfield code="c">&#x20B9;</subfield>
    <subfield code="d">&#x20B9;800.00</subfield>
    <subfield code="e">20%</subfield>
    <subfield code="f">22-07-2025</subfield>
  </datafield>
  <datafield tag="520" ind1=" " ind2=" ">
    <subfield code="a">Stay ahead of the curve with the 46th edition of this comprehensive guide to Income Tax, including Tax Planning &amp; Management for the Assessment Year 2025-26. Authored by renowned experts Dr. H.C. Mehrotra and Dr. S.P. Goyal, this authoritative publication from Sahitya Bhawan Publications offers in-depth coverage of income tax regulations, planning strategies, and management techniques. The book serves as an invaluable resource for students, professionals, and practitioners seeking to understand the latest developments in Indian taxation. This edition has been meticulously updated to reflect the most recent amendments and changes in tax laws, making it an essential reference for accurate tax planning and compliance. The systematic presentation and detailed analysis make complex tax concepts easily understandable, while practical examples and case studies help readers apply theoretical knowledge to real-world scenarios. Whether you're preparing for professional examinations or managing tax affairs, this book provides the comprehensive knowledge needed to navigate India's tax landscape effectively.</subfield>
  </datafield>
  <datafield tag="650" ind1=" " ind2=" ">
    <subfield code="a">income tax</subfield>
    <subfield code="9">219691</subfield>
  </datafield>
  <datafield tag="700" ind1=" " ind2=" ">
    <subfield code="a">Goyal, S P</subfield>
    <subfield code="9">219692</subfield>
  </datafield>
  <datafield tag="942" ind1=" " ind2=" ">
    <subfield code="2">ddc</subfield>
    <subfield code="c">BK</subfield>
  </datafield>
  <datafield tag="999" ind1=" " ind2=" ">
    <subfield code="c">234647</subfield>
    <subfield code="d">234647</subfield>
  </datafield>
  <datafield tag="952" ind1=" " ind2=" ">
    <subfield code="0">0</subfield>
    <subfield code="1">0</subfield>
    <subfield code="2">ddc</subfield>
    <subfield code="4">0</subfield>
    <subfield code="7">0</subfield>
    <subfield code="8">COM</subfield>
    <subfield code="a">AL</subfield>
    <subfield code="b">AL</subfield>
    <subfield code="c">SK</subfield>
    <subfield code="d">2025-07-22</subfield>
    <subfield code="e">Biblios Book Point Surathkal Mangalore 575014</subfield>
    <subfield code="g">640.00</subfield>
    <subfield code="l">2</subfield>
    <subfield code="o">657.46 MEHI</subfield>
    <subfield code="p">077762</subfield>
    <subfield code="r">2026-04-01 09:31:08</subfield>
    <subfield code="s">2025-11-29</subfield>
    <subfield code="v">800.00</subfield>
    <subfield code="w">2025-07-22</subfield>
    <subfield code="y">BK</subfield>
  </datafield>
  <datafield tag="952" ind1=" " ind2=" ">
    <subfield code="0">0</subfield>
    <subfield code="1">0</subfield>
    <subfield code="2">ddc</subfield>
    <subfield code="4">0</subfield>
    <subfield code="7">0</subfield>
    <subfield code="8">COM</subfield>
    <subfield code="a">AL</subfield>
    <subfield code="b">AL</subfield>
    <subfield code="c">SK</subfield>
    <subfield code="d">2025-07-22</subfield>
    <subfield code="e">Biblios Book Point Surathkal Mangalore 575014</subfield>
    <subfield code="g">640.00</subfield>
    <subfield code="l">1</subfield>
    <subfield code="o">657.46 MEHI</subfield>
    <subfield code="p">077763</subfield>
    <subfield code="q">2025-12-03</subfield>
    <subfield code="r">2025-08-05 10:17:16</subfield>
    <subfield code="s">2025-08-05</subfield>
    <subfield code="v">800.00</subfield>
    <subfield code="w">2025-07-22</subfield>
    <subfield code="y">BK</subfield>
  </datafield>
  <datafield tag="952" ind1=" " ind2=" ">
    <subfield code="0">0</subfield>
    <subfield code="1">0</subfield>
    <subfield code="2">ddc</subfield>
    <subfield code="4">0</subfield>
    <subfield code="7">0</subfield>
    <subfield code="8">COM</subfield>
    <subfield code="a">AL</subfield>
    <subfield code="b">AL</subfield>
    <subfield code="c">SK</subfield>
    <subfield code="d">2025-07-22</subfield>
    <subfield code="e">Biblios Book Point Surathkal Mangalore 575014</subfield>
    <subfield code="g">640.00</subfield>
    <subfield code="l">1</subfield>
    <subfield code="o">657.46 MEHI</subfield>
    <subfield code="p">077764</subfield>
    <subfield code="q">2025-11-25</subfield>
    <subfield code="r">2025-07-28 09:16:24</subfield>
    <subfield code="s">2025-07-28</subfield>
    <subfield code="v">800.00</subfield>
    <subfield code="w">2025-07-22</subfield>
    <subfield code="y">BK</subfield>
  </datafield>
  <datafield tag="952" ind1=" " ind2=" ">
    <subfield code="0">0</subfield>
    <subfield code="1">0</subfield>
    <subfield code="2">ddc</subfield>
    <subfield code="4">0</subfield>
    <subfield code="7">0</subfield>
    <subfield code="8">COM</subfield>
    <subfield code="a">AL</subfield>
    <subfield code="b">AL</subfield>
    <subfield code="c">SK</subfield>
    <subfield code="d">2025-07-22</subfield>
    <subfield code="e">Biblios Book Point Surathkal Mangalore 575014</subfield>
    <subfield code="g">640.00</subfield>
    <subfield code="l">1</subfield>
    <subfield code="o">657.46 MEHI</subfield>
    <subfield code="p">077765</subfield>
    <subfield code="q">2025-12-08</subfield>
    <subfield code="r">2025-08-09 09:47:15</subfield>
    <subfield code="s">2025-08-09</subfield>
    <subfield code="v">800.00</subfield>
    <subfield code="w">2025-07-22</subfield>
    <subfield code="y">BK</subfield>
  </datafield>
  <datafield tag="952" ind1=" " ind2=" ">
    <subfield code="0">0</subfield>
    <subfield code="1">0</subfield>
    <subfield code="2">ddc</subfield>
    <subfield code="4">0</subfield>
    <subfield code="7">0</subfield>
    <subfield code="8">COM</subfield>
    <subfield code="a">AL</subfield>
    <subfield code="b">AL</subfield>
    <subfield code="c">SK</subfield>
    <subfield code="d">2025-07-22</subfield>
    <subfield code="e">Biblios Book Point Surathkal Mangalore 575014</subfield>
    <subfield code="g">640.00</subfield>
    <subfield code="l">2</subfield>
    <subfield code="o">657.46 MEHI</subfield>
    <subfield code="p">077766</subfield>
    <subfield code="r">2026-04-22 14:32:19</subfield>
    <subfield code="s">2026-04-22</subfield>
    <subfield code="v">800.00</subfield>
    <subfield code="w">2025-07-22</subfield>
    <subfield code="y">BK</subfield>
  </datafield>
</record>
